000
00232nam a2200085Ia 4500
245
0
_a
Accessing information
100
_a
Pulver, Beth A. Harlow, Essex, 2009
_9
81530
942
_c
BK
008
210817s9999 xx 000 0 und d
999
_c
290776
_d
290773